| 000 | 00890nam a2200265 i 4500 | ||
|---|---|---|---|
| 003 | DO-SdBNP | ||
| 005 | 20250122110129.0 | ||
| 006 | a||||gr|||| 00| 0 | ||
| 007 | ta | ||
| 008 | 240813t1996 dr ||||| |||| 00| 0 spa d | ||
| 020 | _a8489548196 | ||
| 040 |
_aDO-SdBNP _bspa _cBNPHU _erda |
||
| 082 | 4 |
_222 _bC794i |
|
| 100 | 1 |
_aCordero, Margarita _eautora _939 |
|
| 245 | 1 | 0 |
_aIgualdad de las mujeres: _bun nuevo reto para la democracia / _cMargarita Cordero; editor, Paula M. Vega. |
| 264 | 1 |
_aSanto Domingo : _bPontificia Universidad Católica Madre y Maestra, _bGrupo de Acción por la Democracia, _c1996 |
|
| 300 |
_a28 páginas _c21 cm. |
||
| 336 |
_2rdacontent _atexto _btxt |
||
| 337 |
_2rdamedia _asin mediación _bn |
||
| 338 |
_2rdacarrier _avolumen _bnc |
||
| 490 | 0 |
_aEducación Ciudadana ; _v5 |
|
| 590 | _aInventariado 2024 / MF | ||
| 650 | 4 |
_aMujeres _913968 |
|
| 942 |
_2ddc _cLF2 |
||
| 999 |
_c57447 _d57447 |
||